| Fine Arts - Other Fine Arts | 1 | 30.00 | 100% | 100% | 100% |
| Geography | 1 | 30.00 | 100% | 100% | 100% |
| History - European History | 1 | 20.00 | 100% | 100% | 0% |
| History - Other History | 1 | 20.00 | 100% | 100% | 0% |
| History - World History | 1 | 20.00 | 100% | 100% | 0% |
| Literature - World Literature | 1 | 10.00 | 100% | 0% | 0% |
| Religion | 1 | 20.00 | 100% | 100% | 0% |
| Science - Chemistry | 1 | 20.00 | 100% | 100% | 0% |
| Current Events | 3 | 13.33 | 100% | 33% | 0% |
| Fine Arts - Classical Music | 7 | 27.14 | 100% | 100% | 71% |
| Fine Arts - Other Fine Arts | 2 | 25.00 | 100% | 100% | 50% |
| Geography | 4 | 17.50 | 100% | 75% | 0% |
| History - American History | 3 | 13.33 | 100% | 0% | 33% |
| History - European History | 4 | 20.00 | 100% | 100% | 0% |
| History - Other History | 6 | 18.33 | 100% | 67% | 17% |
| History - World History | 5 | 20.00 | 100% | 80% | 20% |
| Literature - American Literature | 7 | 18.57 | 100% | 86% | 0% |
| Literature - British Literature | 5 | 22.00 | 100% | 100% | 20% |
| Literature - European Literature | 5 | 22.00 | 100% | 100% | 20% |
| Literature - World Literature | 4 | 17.50 | 100% | 75% | 0% |
| Mythology | 7 | 24.29 | 100% | 86% | 57% |
| Painting/Sculpture | 3 | 23.33 | 100% | 100% | 33% |
| Philosophy | 4 | 12.50 | 100% | 25% | 0% |
| Pop Culture | 3 | 13.33 | 100% | 33% | 0% |
| Popular Culture | 1 | 20.00 | 100% | 100% | 0% |
| Religion | 7 | 18.57 | 100% | 71% | 14% |
| Science - Biology | 5 | 24.00 | 100% | 100% | 40% |
| Science - Chemistry | 6 | 20.00 | 100% | 100% | 0% |
| Science - Other Science | 8 | 16.25 | 100% | 50% | 13% |
| Science - Physics | 7 | 15.71 | 100% | 57% | 0% |
| Social Science | 6 | 18.33 | 100% | 50% | 33% |